World cup quiz - Statistics

General Stats
  • This quiz has been taken 24 times
  • The average score is 15 of 22
Answer Stats
Question Answer % Correct
Who won the 1938 World Cup Italy
100%
Who won the 1930 World Cup Uruguay
100%
Who won the 1978 World Cup Argentina
75%
Who won the 2022 World Cup Argentina
75%
Who won the 1958 World Cup Brazil
75%
Who won the 2002 World Cup Brazil
75%
Who won the 1970 World Cup Brazil
75%
Who won the 1966 World Cup Engalnd
75%
Who won the 1998 World Cup France
75%
Who won the 2018 World Cup France
75%
Who won the 2014 World Cup Germany
75%
Who won the 1974 World Cup Germany
75%
Who won the 2006 World Cup Italy
75%
Who won the 1934 World Cup Italy
75%
Who won the 2010 World Cup Spain
75%
Who won the 1950 World Cup Uurugauy
75%
Who won the 1962 World Cup Brazil
50%
Who won the 1994 World Cup Brazil
50%
Who won the 1990 World Cup Germany
50%
Who won the 1954 World Cup Germany
50%
Who won the 1986 World Cup Argentina
25%
Who won the 1982 World Cup Italy
25%
No matching quizzes found
Score Distribution
Percent of People with Each Score
Percentile by Number Answered
Your Score History
You have not taken this quiz